NFL stadiums with a capacity of more than 70,000-Sudden Death - Statistics

General Stats
  • This quiz has been taken 20 times
  • The average score is 4 of 12
Answers on the Grid
Answers color-coded by a green-red scale on the quiz's grid according to % correct below.
MetLife Stadium
Lambeau Field
AT&T Stadium
Arrowhead Stadium
NRG Stadium
SoFi Stadium
Mercedes-Benz Stadium
M&T Bank Stadium
Highmark Stadium (the old one)
Caesars Superdome
Bank of America Stadium
Empower Field at Mile High
Lincoln Financial Field
Raymond James Stadium
Soldier Field
Ford Field
State Farm Stadium
U.S. Bank Stadium
Hard Rock Stadium
Allegiant Stadium
Lucas Oil Stadium
Gillette Stadium
Paycor Stadium
FedExField
Acrisure Stadium
Levi’s Stadium
Lumen Field
EverBank Stadium
Nissan Stadium
Huntington Bank Field
 
Answer Stats
Answer % Correct
MetLife Stadium
57%
AT&T Stadium
50%
Lambeau Field
43%
SoFi Stadium
43%
Arrowhead Stadium
36%
Mercedes-Benz Stadium
36%
M&T Bank Stadium
29%
Empower Field at Mile High
21%
Bank of America Stadium
14%
Caesars Superdome
14%
Highmark Stadium (the old one)
14%
NRG Stadium
14%
No matching quizzes found
Score Distribution
Percent of People with Each Score
Percentile by Number Answered
Your Score History
You have not taken this quiz